| 000 | 00000nam 2200000zi 4500 |
| 001 | 9.937077 |
| 003 | CaOODSP |
| 005 | 20240418152829 |
| 006 | m o d f |
| 007 | cr mn||||||||| |
| 008 | 240418e202404##onc ob f000 0 eng d |
| 040 | |aCaOODSP|beng|erda|cCaOODSP |
| 043 | |an-cn--- |
| 086 | 1 |aXC60-1/1-441-5E-PDF |
| 110 | 1 |aCanada. |bParliament. |bHouse of Commons. |bStanding Committee on Official Languages, |eauthor, |eissuing body. |
| 245 | 10|aOpenness to the international francophone community : |boptimizing francophone immigration to Canada / |cRené Arseneault, chair. |
| 246 | 10|aOptimizing francophone immigration to Canada |
| 264 | 1|a[Ottawa] : |bHouse of Commons, Canada = Chambre des communes, Canada, |cApril 2024. |
| 300 | |a1 online resource (viii, 59 pages). |
| 336 | |atext|btxt|2rdacontent |
| 337 | |acomputer|bc|2rdamedia |
| 338 | |aonline resource|bcr|2rdacarrier |
| 490 | 1 |aReport of the Standing Committee on Official Languages ; |v5th report, 44th Parliament, 1st session |
| 500 | |aIssued also in French under title: Ouverture sur la francophonie internationale : optimiser l'immigration francophone au Canada. |
| 504 | |aIncludes bibliographical references. |
| 520 | |a"The modernization of the Official Languages Act (the Act) in 2023 was another milestone for legislative development that supports francophone immigration to minority communities"--Introduction, page 7. |
| 650 | 0|aFrench-Canadians|xGovernment policy. |
| 650 | 0|aFrench language|xGovernment policy|zCanada. |
| 651 | 0|aCanada|xEmigration and immigration|xGovernment policy. |
| 700 | 1 |aArseneault, René. |
| 775 | 08|tOuverture sur la francophonie internationale : |w(CaOODSP)9.937083 |
| 830 | #0|aReport of the Standing Committee on Official Languages ;|v5th report, 44th Parliament, 1st session.|w(CaOODSP)9.507312 |
| 856 | 40|qPDF|s2.95 MB|uhttps://publications.gc.ca/collections/collection_2024/parl/xc60-1/XC60-1-1-441-5-eng.pdf |
| 856 | 4 |qHTML|sN/A|uhttps://www.ourcommons.ca/DocumentViewer/en/44-1/LANG/report-5/ |